| 000 | 00549nam a2200193Ia 4500 | ||
|---|---|---|---|
| 003 | GCL | ||
| 008 | 140319s9999 xx 000 0 ara d | ||
| 040 |
_aGCL / _cGCL |
||
| 082 | 0 | 4 |
_a526.98 _bح م |
| 100 | 1 | _aحسان عياد | |
| 245 | 1 | 0 |
_aمبادىء المساحة / _cحسان عياد |
| 300 | _a149 ص | ||
| 490 |
_a100 قصة _v0 |
||
| 650 | 0 | 4 | _aالمساحة |
| 650 | 0 | 4 | _aالخرائط الطبوغرافية |
| 650 | 0 | 4 | _aالخرائط الاحصائية |
| 650 | 0 | 4 | _aالخرائط - مقياس الرسم |
| 942 |
_2ddc _cBK |
||
| 999 |
_c45849 _d45849 |
||